000 00590nam a22002177a 4500
003 OSt
005 20210419090635.0
008 210227s1979 ||||| |||| 00| 0 eng d
020 _a0802730094
040 _aeng
_beng
_cDLC
041 _aeng
080 _a821.111
_bH-15
100 _9476
_aHaggard, William
245 _aVisa to Limbo
_c/ by: Walker and Company
260 _aNew York
_bWalker and Company
_c1979
300 _a201 p.
365 _b2.95 usd
650 0 _9254
_aEnglish literature
653 _aინგლისური ლიტერატურა
942 _2udc
_cBK
999 _c1781
_d1781